Fundamentos de Mercadotecnia / Philip Kloter (Registro nro. 23771)

Detalles MARC
000 -LÍDER
fixed length control field 00416nam a2200145 4500
020 ## - NÚMERO INTERNACIONAL NORMALIZADO PARA LIBROS
ISBN 968-880-948-9
050 ## - SIGNATURA TOPOGRAFICA DE LA BIBLIOTECA DEL CONGRESO (LC)
Número de Clasificación HF5415 K67618
082 ## - NUMERO DE CLASIFICACION DECIMAL DEWEY
Número de Clasificación 658.8 K87f
100 ## - ASIENTO PRINCIPAL--NOMBRE PERSONAL
Nombre personal Kloter, Philip
245 ## - TÍTULO
Título Fundamentos de Mercadotecnia / Philip Kloter
260 ## - PUBLICACIÓN, DISTRIBUCIÓN, ETC. (PIE DE IMPRENTA)
Lugar de publicación, distribución, etc. Mexico : Prentice-Hall
300 ## - DESCRIPCIÓN FÍSICA
Extensión 585p. / 26 cm.
650 ## - ASIENTO SECUNDARIO DE MATERIA - TERMINO TEMÁTICO
Término temático o nombre geográfico como elemento de entrada 1. MERCADOTECNIA \ 2. EL PROCESO DE LA MERCADOTECNIA
700 ## - ASIENTO SECUNDARIO - NOMBRE PERSONAL
Nombre personal I. Armstrong, Gary, Coaut.
Existencias
No. biblioteca No. biblioteca Número de clasificación Código de barras/Número de adquisición Número de copia Tipo de material
LUIS G. INCLAN LUIS G. INCLAN 658.8 K87f 18752 17 Libros
LUIS G. INCLAN LUIS G. INCLAN 658.8 K87f 33590 4 Libros
LUIS G. INCLAN LUIS G. INCLAN 658.8 K87f 35206 8 Libros
LUIS G. INCLAN LUIS G. INCLAN 658.8 K87f 32859 2 Libros
LUIS G. INCLAN LUIS G. INCLAN 658.8 K87f 35205 7 Libros
LUIS G. INCLAN LUIS G. INCLAN 658.8 K87f 33591 5 Libros
LUIS G. INCLAN LUIS G. INCLAN 658.8 K87f 32858 1 Libros
LUIS G. INCLAN LUIS G. INCLAN 658.8 K87f 35944 11 Libros
LUIS G. INCLAN LUIS G. INCLAN 658.8 K87f 35207 9 Libros
LUIS G. INCLAN LUIS G. INCLAN 658.8 K87f 34868 6 Libros
Calzada Tecnológico # 27, Zacatepec, Morelos.
01(734) 343-07-23 / 343-21-10 / 343-21-11
Apdo. Postal 45 C.P 62780